Doraemon vol. 8 (Record no. 130824)

MARC details
000 -LEADER
fixed length control field 00667nam a2200241 i 4500
001 - CONTROL NUMBER
control field C2-0332149
003 - CONTROL NUMBER IDENTIFIER
control field PPAK
005 - DATE AND TIME OF LATEST TRANSACTION
control field 20180728132411.0
008 - FIXED-LENGTH DATA ELEMENTS--GENERAL INFORMATION
fixed length control field 081124s2006 cc a|||| ||||| | zxx d
020 ## - INTERNATIONAL STANDARD BOOK NUMBER
International Standard Book Number 9787539139654
040 ## - CATALOGING SOURCE
Original cataloging agency PPAK
Language of cataloging eng
Transcribing agency PPAK
Description conventions rda
082 04 - DEWEY DECIMAL CLASSIFICATION NUMBER
Classification number 741.5
Edition number 23
090 00 - LOCALLY ASSIGNED LC-TYPE CALL NUMBER (OCLC); LOCAL CALL NUMBER (RLIN)
Classification number (OCLC) (R) ; Classification number, CALL (RLIN) (NR) 741.5
Feature heading FUJ
Feature heading G
100 1# - MAIN ENTRY--PERSONAL NAME
Personal name Fujio, Fujiko F.,
Relator term author
245 10 - TITLE STATEMENT
Title Doraemon vol. 8
264 #1 - PRODUCTION, PUBLICATION, DISTRIBUTION, MANUFACTURE, AND COPYRIGHT NOTICE
Place of production, publication, distribution, manufacture Nanjing :
Name of producer, publisher, distributor, manufacturer 21st Century Publishing House ,
Date of production, publication, distribution, manufacture, or copyright notice 2006
300 ## - PHYSICAL DESCRIPTION
Extent 157 pages :
Other physical details illustrations ;
Dimensions 18 cm
336 ## - CONTENT TYPE
Source rdacontent
Content type term text
337 ## - MEDIA TYPE
Source rdamedia
Media type term unmediated
338 ## - CARRIER TYPE
Source rdacarrier
Carrier type term volume
650 10 - SUBJECT ADDED ENTRY--TOPICAL TERM
Topical term or geographic name entry element Comic books, strips, etc.
942 ## - ADDED ENTRY ELEMENTS (KOHA)
-- dc
Koha item type Book

No items available.